Voar é Preciso (Registo nº 197928)
[ vista simples ]
| 000 -Etiqueta do registo | |
|---|---|
| Valores | 00589nam 22002053 4500 |
| 010 ## - Número ISBN | |
| ISBN | 972-711-374-5 |
| 021 ## - Número do Depósito Legal | |
| Número | 147353/00 |
| 100 ## - Dados gerais de processamento | |
| Dados gerais | 20250917d u||y0pory50 ba |
| 200 ## - Titulo e menção de responsabilidade | |
| Título próprio | Voar é Preciso |
| Informação de outro título | A experiência de uma terapeuta de regressão |
| Primeira menção de responsabilidade | Ivete Scarpari |
| 205 ## - Menção da edição | |
| Edição | 1ª |
| 210 ## - Publicação | |
| Local de publicação | Cascais |
| Nome do editor | Editora Pergaminho |
| Data de publicação | 2000 |
| 215 ## - Descrição física | |
| Paginação / Volumes | 129, [7] p. |
| Outras indicações físicas | brochado |
| Dimensões | 21 cm |
| 606 ## - Nome comum usado como assunto | |
| ID Autoridade | 9 |
| Palavra de ordem | Literatura Brasileira |
| 675 ## - CDU | |
| Notação | 821.134.3(81)-3 |
| Edição | PT |
| Língua | por |
| 700 ## - Autor principal (pessoa individual) | |
| ID Autoridade | 13966 |
| Apelido | Scarpari |
| Nome | Ivete |
| 801 ## - Fonte de origem | |
| País | PT |
| Agência | BMMN |
| Regras de catalogação | RPC |
| 830 ## - Notas gerais do catalogador | |
| Criado por | Ana Caetano |
| 990 ## - Elementos KOHA | |
| Tipo de documento | Livro |
| Situação do levantamento | Biblioteca de origem | Código de barras | Cota | Permissão de empréstimo | Tipo de documento | Forma de aquisição |
|---|---|---|---|---|---|---|
| Biblioteca Escola São João de Deus | 26111 | 821.134.3(81)-3 SCA | Livro | Oferta |